[Event "Mondiale Lampo FIDE 2019"]
[Site "Mosca"]
[Date "30.12.2019"]
[Round "19.77"]
[White "Ruck, Robert"]
[Black "Ismagambetov, Anuar"]
[Result "1-0"]
[WhiteTitle "GM"]
[BlackTitle "GM"]
[WhiteElo "2530"]
[BlackElo "2528"]
[WhiteFideId "705713"]
[BlackFideId "13701525"]
[EventDate "2019.12.29"]

1. Nf3 Nf6 2. c4 g6 3. d4 Bg7 4. g3 c5 5. d5 d6 6. Bg2 e6 7. dxe6 fxe6 8. O-O
O-O 9. Nc3 Nc6 10. Bg5 h6 11. Bxf6 Bxf6 12. Qd2 Kh7 13. Rad1 Nd4 14. Nxd4 cxd4
15. Ne4 Bg7 16. e3 d5 17. cxd5 exd5 18. Nc5 b6 19. Nb3 Bg4 20. Rc1 dxe3 21. fxe3
Rxf1+ 22. Rxf1 Qg5 23. Rf4 Rd8 24. h4 Qh5 25. Nd4 Rd7 26. Qd3 Be5 27. Kh2 Bxf4
28. exf4 Re7 29. Qa3 Rg7 30. Qd6 Bd7 31. Bf3 Bg4 32. Bxd5 Bd1 33. Ne6 Qe2+ 34.
Bg2 Rf7 35. Nf8+ Kg7 36. Nd7 Qe7 37. Qd4+ Kh7 38. Ne5 Bc2 39. Qc4 Rf8 40. Qxc2
Qd6 41. h5 Re8 42. hxg6+ Kg7 43. Qc3 Qf6 44. Qc7+ Kg8 45. Qf7+ 1-0

[Event "Mondiale Lampo FIDE 2019"]
[Site "Mosca"]
[Date "30.12.2019"]
[Round "19.78"]
[White "Alonso Rosell, Alvar"]
[Black "Gutenev, Alexander"]
[Result "1-0"]
[WhiteTitle "GM"]
[BlackTitle "IM"]
[WhiteElo "2548"]
[BlackElo "2469"]
[WhiteFideId "2270544"]
[BlackFideId "4195540"]
[EventDate "2019.12.29"]

1. Nf3 Nf6 2. g3 b6 3. Bg2 Bb7 4. O-O g6 5. d3 d5 6. Ne5 Bg7 7. f4 O-O 8. d4 e6
9. c3 Ne4 10. Be3 Nd7 11. Nd2 Nxe5 12. dxe5 Nxd2 13. Qxd2 Qd7 14. Bf2 Rad8 15.
Rad1 Qa4 16. b3 Qe8 17. Qc2 f6 18. exf6 Bxf6 19. e4 Qf7 20. e5 Bg7 21. c4 c6 22.
c5 Ba6 23. Rfe1 Qb7 24. Bd4 Rd7 25. h4 Qb8 26. cxb6 c5 27. Qxc5 axb6 28. Qxb6
Qxb6 29. Bxb6 Rb7 30. Bf2 Rc7 31. Rc1 Rfc8 32. Be3 Rc2 33. Bf1 Bxf1 34. Kxf1 Bf8
35. Rxc2 Rxc2 36. Re2 Rc3 37. Kf2 Ba3 38. Bd2 Rc2 39. Be3 Rc3 40. Bd4 Rd3 41.
Bb2 Bc5+ 42. Kg2 h5 43. Rc2 Bb4 44. a3 Be7 45. b4 Rb3 46. Bd4 Rxa3 47. b5 Rb3
48. b6 Kf7 49. Rc7 Ke8 50. b7 Bd8 51. Rh7 Rb4 52. Ba7 1-0

[Event "Mondiale Lampo FIDE 2019"]
[Site "Mosca"]
[Date "30.12.2019"]
[Round "19.79"]
[White "Yagupov, Igor"]
[Black "Pashikian, Arman"]
[Result "0-1"]
[WhiteTitle "GM"]
[BlackTitle "GM"]
[WhiteElo "2357"]
[BlackElo "2605"]
[WhiteFideId "4113632"]
[BlackFideId "13301578"]
[EventDate "2019.12.29"]

1. e4 c5 2. Nf3 d6 3. d4 cxd4 4. Nxd4 Nf6 5. Nc3 a6 6. f3 e5 7. Nb3 h5 8. Be3
Be6 9. Qd2 Nbd7 10. Nd5 Bxd5 11. exd5 g6 12. Be2 Bg7 13. O-O O-O 14. Na5 Qc7 15.
c4 b6 16. Nc6 Nb8 17. Nb4 a5 18. Nc2 Na6 19. Na3 Nc5 20. Nb5 Qd7 21. Rae1 h4 22.
f4 h3 23. fxe5 Nfe4 24. Qc2 hxg2 25. Kxg2 Bxe5 26. Bd4 Rae8 27. Bf3 Ng5 28. Bxe5
Qh3+ 29. Kg1 Nxf3+ 30. Rxf3 Qxf3 31. Nxd6 Qg4+ 32. Kh1 Rxe5 33. Rxe5 Qf4 34. Qe2
Nd7 35. Nxf7 Nxe5 36. Nxe5 Re8 37. Nd3 Rxe2 38. Nxf4 Rxb2 39. Nxg6 Rxa2 40. Ne5
a4 41. d6 Rd2 0-1

[Event "Mondiale Lampo FIDE 2019"]
[Site "Mosca"]
[Date "30.12.2019"]
[Round "19.80"]
[White "Dragnev, Valentin"]
[Black "Batchuluun, Tsegmed"]
[Result "1/2-1/2"]
[WhiteTitle "GM"]
[BlackTitle "GM"]
[WhiteElo "2553"]
[BlackElo "2530"]
[WhiteFideId "1634852"]
[BlackFideId "4900847"]
[EventDate "2019.12.29"]

1. d4 Nf6 2. c4 e6 3. Nf3 d5 4. g3 dxc4 5. Bg2 Nc6 6. Qa4 Bb4+ 7. Bd2 Nd5 8.
Bxb4 Nxb4 9. Ne5 O-O 10. Nxc6 Nxc6 11. e3 e5 12. d5 Ne7 13. Qxc4 c6 14. dxc6 Be6
15. Qc5 Nxc6 16. O-O Qb6 17. Qxb6 axb6 18. Nc3 Rfd8 19. Rfd1 Kf8 20. a3 Ke7 21.
Nd5+ Bxd5 22. Bxd5 Rd6 23. Bf3 Rad8 24. Kf1 Rd2 25. b4 Rxd1+ 26. Rxd1 Rxd1+ 27.
Bxd1 Na7 28. Ba4 b5 29. Bc2 Nc8 30. h4 h6 31. Be4 Nd6 32. Bd5 f6 33. Ke2 b6 34.
Kd3 g5 35. Kc3 Kd7 36. Kb3 gxh4 37. gxh4 Nf5 38. h5 Nd6 39. a4 bxa4+ 40. Kxa4
Ke7 41. Kb3 f5 42. f4 Kf6 43. Kc3 Ne8 44. Kc4 Nd6+ 45. Kd3 Ne8 46. Kc4 Nd6+ 1/2-1/2

[Event "Mondiale Lampo FIDE 2019"]
[Site "Mosca"]
[Date "30.12.2019"]
[Round "19.81"]
[White "Reshetnikov, Alexey"]
[Black "Gurvich, Vitaly"]
[Result "1-0"]
[WhiteTitle "IM"]
[BlackTitle "FM"]
[WhiteElo "2492"]
[BlackElo "2230"]
[WhiteFideId "4162080"]
[BlackFideId "24164852"]
[EventDate "2019.12.29"]

1. b3 e5 2. Bb2 Nc6 3. c4 g6 4. d3 Bg7 5. g3 Nge7 6. Bg2 O-O 7. Nc3 a6 8. e3 Rb8
9. Nge2 b5 10. Rb1 d6 11. O-O Bd7 12. Nd5 Na7 13. Qd2 Nxd5 14. cxd5 c6 15. dxc6
Bxc6 16. Rbc1 Bxg2 17. Kxg2 Qd7 18. e4 d5 19. Qa5 Nc6 20. Qe1 Rbc8 21. a3 dxe4
22. dxe4 Qd3 23. Nc3 Nd4 24. f3 Nxb3 25. Rd1 Qc4 26. Nd5 Rce8 27. Rf2 f5 28. Ne3
Qf7 29. exf5 gxf5 30. Qb4 Nd4 31. Bxd4 exd4 32. Nc2 Rd8 33. Rfd2 d3 34. Rxd3
Rxd3 35. Rxd3 Qe6 36. Ne3 Qa2+ 37. Rd2 Qe6 38. Nd5 h6 39. Qb3 Kh8 40. Qd3 Qe5
41. Nf4 Kh7 42. Rc2 Qf6 43. h4 Rd8 44. Qe2 Qf7 45. Kh3 Re8 46. Qd3 Kg8 47. Rc6
Be5 48. Ng6 Bg7 49. h5 a5 50. Qxb5 Re1 51. Rc8+ Kh7 52. Nf4 Qa2 53. Qxf5# 1-0

[Event "Mondiale Lampo FIDE 2019"]
[Site "Mosca"]
[Date "30.12.2019"]
[Round "19.82"]
[White "Narayanan, Srinath"]
[Black "Pogosyan, Stefan"]
[Result "1-0"]
[WhiteTitle "GM"]
[BlackTitle "IM"]
[WhiteElo "2529"]
[BlackElo "2459"]
[WhiteFideId "5018420"]
[BlackFideId "34159867"]
[EventDate "2019.12.29"]

1. e4 e5 2. Nf3 Nc6 3. Bb5 a6 4. Ba4 Nf6 5. O-O b5 6. Bb3 Bc5 7. a4 Rb8 8. c3 d6
9. d4 Bb6 10. a5 Ba7 11. Be3 O-O 12. Nbd2 Bg4 13. Qe1 Bxf3 14. Nxf3 Qe7 15. dxe5
dxe5 16. Nh4 Bxe3 17. Qxe3 g6 18. Bd5 Nxd5 19. exd5 Qxh4 20. dxc6 Qf6 21. Qc5
Rbd8 22. Rad1 e4 23. Rd7 Rxd7 24. cxd7 c6 25. Rd1 Rd8 26. h3 Kg7 27. Rd6 Qg5 28.
Qxg5 1-0

[Event "Mondiale Lampo FIDE 2019"]
[Site "Mosca"]
[Date "30.12.2019"]
[Round "19.83"]
[White "Triapishko, Alexandr"]
[Black "Makoveev, Ilya"]
[Result "1-0"]
[WhiteTitle "IM"]
[BlackTitle "FM"]
[WhiteElo "2502"]
[BlackElo "2277"]
[WhiteFideId "14122286"]
[BlackFideId "34155748"]
[EventDate "2019.12.29"]

1. d4 Nf6 2. Nc3 d5 3. Bf4 e6 4. Nb5 Na6 5. e3 c6 6. Nc3 Nc7 7. Bd3 Bd6 8. Nf3
b6 9. O-O Bb7 10. Bxd6 Qxd6 11. e4 Qe7 12. Re1 c5 13. exd5 Nfxd5 14. Nxd5 Bxd5
15. dxc5 Qxc5 16. Ne5 Rd8 17. Re3 g6 18. Qd2 f6 19. Ng4 O-O 20. Rh3 Qe7 21. Re1
f5 22. Ne5 Qg7 23. f4 Be4 24. c4 Bxd3 25. Rxd3 Qf6 26. Nd7 Qh4 27. g3 Qe7 28.
Nxf8 Qc5+ 29. Kf1 Qxc4 30. Rd1 Rxf8 31. b3 Qc6 32. Qg2 Qb5 33. Qe2 Qc6 34. Kg1
Nd5 35. Re1 Re8 36. Rd2 Qc5+ 37. Qf2 Qc6 38. Qd4 Kf7 39. Qc4 Qd7 40. Rc2 Re7 41.
Qc6 Qd8 42. Rce2 Nf6 43. Rxe6 Qd4+ 44. Kh1 Rxe6 45. Qxe6+ Kg7 46. Qe7+ Kh6 47.
Qe5 Qd2 48. Qe2 Qd5+ 49. Kg1 Ne4 50. Qe3 Qd6 51. g4 Qd5 52. h3 Qd6 53. Kh2 Qc7
54. Re2 Qd6 55. Kg2 Nc5 56. g5+ Kg7 57. Qe7+ 1-0

[Event "Mondiale Lampo FIDE 2019"]
[Site "Mosca"]
[Date "30.12.2019"]
[Round "19.84"]
[White "Novikov, Stanislav"]
[Black "Tengis, Tsog-Ochir"]
[Result "1-0"]
[WhiteTitle "GM"]
[BlackTitle "FM"]
[WhiteElo "2531"]
[BlackElo "2190"]
[WhiteFideId "4125371"]
[BlackFideId "4902718"]
[EventDate "2019.12.29"]

1. e4 e5 2. Nf3 Nc6 3. Bb5 Nf6 4. d3 Bc5 5. c3 d6 6. Nbd2 O-O 7. h3 a6 8. Ba4 b5
9. Bb3 Bb7 10. Nf1 Ne7 11. Ng3 Ng6 12. O-O Bb6 13. Re1 Qd7 14. Bg5 Ne8 15. d4 h6
16. Be3 exd4 17. Bxd4 Bxd4 18. cxd4 Nf6 19. Qd2 Rfe8 20. Bc2 Rad8 21. Re2 c5 22.
Rae1 Qc7 23. Nf5 d5 24. Nxh6+ gxh6 25. e5 Ne4 26. Qxh6 cxd4 27. Bxe4 dxe4 28.
Ng5 d3 29. e6 dxe2 30. exf7+ Qxf7 31. Nxf7 Kxf7 32. Rxe2 Bd5 33. b3 Re6 34. Re3
Rdd6 35. Qh7+ Kf6 36. Rg3 Ke5 37. Qg7+ Kf5 38. h4 e3 39. fxe3 Ke4 40. h5 Ne5 41.
Qh7+ Ng6 42. Rxg6 Kxe3 43. Rxe6+ Rxe6 44. Qd7 Kd4 45. h6 Re1+ 46. Kf2 Rh1 1-0

[Event "Mondiale Lampo FIDE 2019"]
[Site "Mosca"]
[Date "30.12.2019"]
[Round "19.85"]
[White "Tsvetkov, Andrey"]
[Black "Tregubov, Pavel V."]
[Result "1-0"]
[WhiteTitle "FM"]
[BlackTitle "GM"]
[WhiteElo "2350"]
[BlackElo "2588"]
[WhiteFideId "34139360"]
[BlackFideId "4115341"]
[EventDate "2019.12.29"]

1. d4 Nf6 2. c4 e6 3. Nc3 Bb4 4. f3 c5 5. d5 d6 6. e4 b5 7. Ne2 O-O 8. Ng3 Nbd7
9. dxe6 Nb6 10. exf7+ Rxf7 11. Be2 Nxc4 12. O-O Bxc3 13. bxc3 d5 14. Bg5 Be6 15.
Bxc4 dxc4 16. Qxd8+ Rxd8 17. e5 h6 18. Bh4 g5 19. exf6 gxh4 20. Ne4 Bf5 21. Nxc5
Rxf6 22. Rad1 Rfd6 23. Rxd6 Rxd6 24. Re1 Rd5 25. Na6 Rd3 26. Re5 Bd7 27. Nc5
Rd1+ 28. Kf2 h3 29. gxh3 Bxh3 30. Ne4 a6 31. Re8+ Kg7 32. Ra8 Bf5 33. Rxa6 Rc1
34. Nd6 Bd3 35. Nxb5 Rc2+ 36. Kg3 Bf1 37. h4 Rg2+ 38. Kf4 Rh2 39. Ra7+ Kf6 40.
Ra6+ Kg7 41. Nd4 Rxh4+ 42. Kg3 Rh3+ 43. Kf4 Rh2 44. a4 Ra2 45. Nf5+ Kf8 46. Ra8+
Kf7 47. Nxh6+ Ke6 48. Nf5 Bd3 49. Nd4+ Kd7 50. Ke5 Ra3 51. Nb5 Ra1 52. Kd4 Rf1
53. a5 Rxf3 54. a6 Rf4+ 55. Ke3 Re4+ 56. Kf2 Re2+ 57. Kf3 Ra2 58. a7 Bf1 59. Rg8
Kc6 60. Nd4+ Kb7 61. Rb8+ Kxa7 62. Nc6+ Ka6 63. Ra8+ Kb6 64. Rxa2 Kxc6 65. Ke3
Kd5 66. Ra5+ Kc6 67. Rg5 Kb6 68. Kd4 Be2 69. Rg6+ Kb5 70. Rg8 Kc6 71. Rc8+ Kd6
72. Re8 Bd3 73. Rh8 Kc6 74. Rh6+ Kb5 75. Rh5+ Kc6 76. Rh6+ Kb5 77. Kd5 Be2 78.
Rf6 Bd3 79. Rf8 Kb6 80. Rb8+ Kc7 1-0

[Event "Mondiale Lampo FIDE 2019"]
[Site "Mosca"]
[Date "30.12.2019"]
[Round "19.86"]
[White "Bocharov, Dmitry"]
[Black "Faizrakhmanov, Ramil"]
[Result "1-0"]
[WhiteTitle "GM"]
[BlackTitle "IM"]
[WhiteElo "2524"]
[BlackElo "2434"]
[WhiteFideId "4138716"]
[BlackFideId "24103209"]
[EventDate "2019.12.29"]

1. Nf3 Nf6 2. c4 e6 3. b3 d5 4. Bb2 Be7 5. e3 O-O 6. Nc3 b6 7. cxd5 exd5 8. d4
Bb7 9. g3 Nbd7 10. Bg2 a6 11. O-O Bd6 12. Rc1 Qe7 13. Re1 Rfe8 14. Re2 c5 15.
dxc5 bxc5 16. Nh4 Nb6 17. e4 d4 18. Nf5 Qd7 19. Nxd6 Qxd6 20. e5 Qc7 21. Bxb7
Qxb7 22. exf6 dxc3 23. Bxc3 Red8 24. Qc2 Nd5 25. fxg7 Nxc3 26. Qxc3 Rac8 27.
Rce1 Qd5 28. Re4 Qg5 29. Qf3 Rd2 30. h4 Qh6 31. Re7 Qg6 32. h5 Rd3 33. Qf4 Qxh5
34. Re8+ Rxe8 35. Rxe8+ Kxg7 36. Re1 h6 37. Kg2 Qd5+ 38. Kh2 Rf3 39. Qg4+ Kh7
40. Kg1 Qd3 41. Qe4+ Qxe4 42. Rxe4 Rf6 43. Rc4 Rc6 44. b4 Rb6 45. bxc5 Rc6 46.
Kg2 Kg6 47. Kf3 Kf5 48. Ke3 Ke5 49. Kd3 Kd5 50. Rh4 Kxc5 51. Rc4+ Kd5 52. Rxc6
Kxc6 53. Ke4 a5 54. Ke5 Kc5 55. Kf6 Kb4 56. Kxf7 Ka3 57. f4 Kxa2 58. f5 a4 59.
f6 a3 60. Kg6 Kb3 61. f7 a2 62. f8=Q a1=Q 63. Qf7+ Kb4 64. Qf4+ Kc5 65. Kxh6
Qh8+ 66. Kg6 Qg8+ 67. Kh5 Qe8+ 68. Kg4 Kb5 69. Qd4 Ka5 70. Kf5 Qf7+ 71. Qf6 Qd7+
72. Kg5 Qd2+ 73. Qf4 Qd8+ 74. Qf6 Qd2+ 75. Kg6 Qd3+ 76. Qf5+ 1-0

[Event "Mondiale Lampo FIDE 2019"]
[Site "Mosca"]
[Date "30.12.2019"]
[Round "19.87"]
[White "Studer, Noel"]
[Black "Afanasiev, Nikita"]
[Result "0-1"]
[WhiteTitle "GM"]
[BlackTitle "IM"]
[WhiteElo "2546"]
[BlackElo "2517"]
[WhiteFideId "1319620"]
[BlackFideId "24183555"]
[EventDate "2019.12.29"]

1. d4 Nf6 2. c4 g6 3. Nc3 d5 4. cxd5 Nxd5 5. e4 Nxc3 6. bxc3 Bg7 7. Qa4+ Nd7 8.
Nf3 O-O 9. Be2 b6 10. O-O Bb7 11. e5 c5 12. Rd1 Qc7 13. Bf4 e6 14. Bg3 h6 15.
Rac1 Rfd8 16. Nd2 Bc6 17. Qc2 Rac8 18. Nc4 cxd4 19. Nd6 d3 20. Bxd3 Rb8 21. Bxg6
fxg6 22. Qxg6 Nf8 23. Qh5 Be8 24. Nxe8 Rxe8 25. Rd4 Qf7 26. Qh3 Qf5 27. Qh4 Ng6
28. Qe4 Qxe4 29. Rxe4 Rbc8 30. c4 Red8 31. h4 h5 32. f3 Bh6 33. Ra1 Ne7 34. Bf2
Rd3 35. a4 Rcd8 36. Kh2 Rd2 37. Bg1 Nc6 38. Kh3 Rc2 39. g4 Rd3 40. Rf1 hxg4+ 41.
Rxg4+ Kf7 42. Bh2 Nd4 43. Bf4 Bf8 44. Bg3 Nf5 45. h5 Rcc3 46. Kg2 Ne3+ 0-1

[Event "Mondiale Lampo FIDE 2019"]
[Site "Mosca"]
[Date "30.12.2019"]
[Round "19.88"]
[White "Lobanov, Sergei"]
[Black "Carlsson, Pontus"]
[Result "1-0"]
[WhiteTitle "IM"]
[BlackTitle "GM"]
[WhiteElo "2504"]
[BlackElo "2456"]
[WhiteFideId "24183750"]
[BlackFideId "1705814"]
[EventDate "2019.12.29"]

1. e4 c5 2. Nf3 d6 3. d4 Nf6 4. Nc3 cxd4 5. Nxd4 g6 6. f3 a6 7. Be3 b5 8. Qd2
Bb7 9. O-O-O Nbd7 10. Kb1 h5 11. h4 Rc8 12. a3 Bg7 13. Bg5 Qb6 14. Be3 Qc7 15.
Bd3 Ne5 16. Rhe1 Nxd3 17. cxd3 Qd7 18. Rc1 O-O 19. Bh6 Rc5 20. Bxg7 Kxg7 21. Nb3
Rc7 22. Na5 Ba8 23. Ne2 Rfc8 24. Nd4 e5 25. Nf5+ Kg8 26. Rxc7 Rxc7 27. Qg5 Nh7
28. Qg3 Kf8 29. Ne3 Nf6 30. Qg5 Nh7 31. Qh6+ Kg8 32. g4 Nf6 33. Nf5 Ne8 34. gxh5
Qe6 35. Rg1 1-0

[Event "Mondiale Lampo FIDE 2019"]
[Site "Mosca"]
[Date "30.12.2019"]
[Round "19.89"]
[White "Deviatkin, Andrei"]
[Black "Potkin, Vladimir"]
[Result "1/2-1/2"]
[WhiteTitle "GM"]
[BlackTitle "GM"]
[WhiteElo "2436"]
[BlackElo "2583"]
[WhiteFideId "4121260"]
[BlackFideId "4131061"]
[EventDate "2019.12.29"]

1. d4 Nf6 2. Nf3 d5 3. c4 e6 4. g3 dxc4 5. Qa4+ c6 6. Qxc4 b5 7. Qc2 Bb7 8. Bg2
Nbd7 9. a4 a6 10. O-O c5 11. axb5 axb5 12. Rxa8 Qxa8 13. dxc5 Bxc5 14. Nc3 b4
15. Na4 Be4 16. Qd1 Be7 17. Be3 O-O 18. Nb6 Nxb6 19. Bxb6 Qb7 20. Bd4 Rd8 21.
Qb3 Qb5 22. e3 Qb7 23. Ne1 h6 24. Bxf6 Bxf6 25. Bxe4 Qxe4 26. Nc2 Rd2 27. Nd4
Bxd4 28. Qxb4 Rxf2 29. Rxf2 Qxe3 30. Qb8+ Kh7 31. Qf4 Qe1+ 32. Kg2 Bxf2 33. Qxf2
Qe4+ 34. Kg1 f5 35. Qd2 e5 36. b4 f4 37. gxf4 exf4 38. Kf2 Qc4 39. Kf3 g5 40.
Qd7+ Kg6 41. Qe8+ Kf6 42. Qh8+ Kf5 43. Qf8+ Ke5 44. Qe7+ Kd4 45. Qf6+ Kd3 46.
Qd6+ Kc3 47. Qc5 Kb3 48. Qd6 Ka4 49. Qxh6 Qd3+ 50. Kg4 Qe2+ 51. Kxg5 f3 52. Qc6+
Kb3 53. Qd5+ Kxb4 54. Qd4+ Kb3 55. Qd5+ Kb4 56. Qd6+ Ka5 57. Qc7+ Kb5 58. Qd7+
Kc4 59. Qc6+ Kd3 60. Qb5+ Kd2 61. Qb4+ Ke3 62. Qc5+ Kd3 63. Qb5+ Kc3 64. Qa5+
Kb3 65. Qb6+ Ka4 66. Qa7+ Kb4 67. Qd4+ Ka5 68. Qa7+ Kb5 69. Qb7+ Kc5 70. Qc7+
Kb4 71. Qd6+ Kb3 72. Qd5+ Kc3 73. Qa5+ Kc2 74. Qa2+ Kd3 75. Qa6+ Kd2 76. Qa5+
Kc1 77. Qa1+ Kc2 78. Qa2+ Kc3 79. Qa5+ Kc4 80. Qa6+ Kb4 81. Qd6+ Ka5 82. Qc7+
Ka6 83. Qc6+ Ka5 84. Qc7+ Kb5 85. Qd7+ Kb6 86. Qd6+ Kb5 87. Qd5+ Kb4 88. Qd4+
Qc4 89. Qb2+ Qb3 90. Qd4+ Qc4 91. Qb2+ Ka4 92. Qa1+ Kb5 93. Qb1+ Kc5 94. Qg1+
Qd4 95. Qc1+ Kd5 96. Qh1 Ke4 97. Kg4 Qe3 98. Qb1+ Kd4 99. Qb6+ Kd3 100. Qb3+ Ke2
101. Qc2+ Kf1 102. Qd1+ Kg2 103. Qd5 Qe2 104. h4 Kf2 105. h5 Ke3 106. Qe5+ Kd2
107. Qd4+ Ke1 108. Qa1+ Kd2 109. Qd4+ Ke1 110. Qa1+ Kd2 111. Qa5+ Kd3 112. Qf5+
Ke3 113. Qf4+ Kd3 114. Qf5+ Qe4+ 1/2-1/2

[Event "Mondiale Lampo FIDE 2019"]
[Site "Mosca"]
[Date "30.12.2019"]
[Round "19.90"]
[White "Geller, Jakov"]
[Black "Belousov, Danila"]
[Result "1/2-1/2"]
[WhiteTitle "GM"]
[BlackTitle "FM"]
[WhiteElo "2521"]
[BlackElo "2274"]
[WhiteFideId "4151984"]
[BlackFideId "4167350"]
[EventDate "2019.12.29"]

1. e4 d5 2. exd5 Qxd5 3. Nc3 Qd6 4. d4 Nf6 5. Nf3 Bg4 6. h3 Bh5 7. g4 Bg6 8. Ne5
Nbd7 9. Nxg6 hxg6 10. Bg2 c6 11. g5 Nh5 12. d5 Nf4 13. Bxf4 Qxf4 14. dxc6 bxc6
15. Bxc6 Rd8 16. Qd3 e6 17. Rd1 Bb4 18. Bxd7+ Ke7 19. Ke2 Bxc3 20. Qxc3 Qe4+ 21.
Qe3 Qxe3+ 22. Kxe3 Rxd7 23. Rxd7+ Kxd7 24. h4 Kc6 25. a3 Kc5 26. b3 Kc6 27. c4
f6 28. gxf6 gxf6 29. Rg1 Rh6 30. f3 Kd6 31. Rg4 f5 32. Rd4+ Kc6 33. Rd8 Rxh4 34.
Rg8 Rh6 35. Kf4 Kd6 36. Ra8 e5+ 37. Kg5 Rh3 38. Rd8+ Kc7 39. Re8 Rxf3 40. Rxe5
Rg3+ 41. Kf4 Rxb3 42. Re6 Rb6 43. Re7+ Kb8 44. Ke5 Rc6 45. Kd5 Rc7 46. Re6 Kb7
47. Rxg6 Rd7+ 48. Kc5 Rf7 49. Rg3 f4 50. Rf3 Rf5+ 51. Kd6 Rf6+ 52. Ke5 Ra6 53.
Kxf4 Ra4 54. Rc3 Kc6 55. Ke4 Kc5 56. Kd3 a6 57. Kc2 Rxc4 58. Rxc4+ Kxc4 59. Kb2 1/2-1/2

[Event "Mondiale Lampo FIDE 2019"]
[Site "Mosca"]
[Date "30.12.2019"]
[Round "19.91"]
[White "Gundavaa, Bayarsaikhan"]
[Black "Guimaraes, Diogo Duarte"]
[Result "0-1"]
[WhiteTitle "GM"]
[BlackTitle "FM"]
[WhiteElo "2489"]
[BlackElo "2322"]
[WhiteFideId "4901045"]
[BlackFideId "2112450"]
[EventDate "2019.12.29"]

1. d4 d5 2. c4 c6 3. Nf3 Nf6 4. Qc2 dxc4 5. Qxc4 Bf5 6. g3 e6 7. Bg2 Nbd7 8. O-O
Be7 9. e3 O-O 10. Rd1 Qc7 11. Nc3 Ne4 12. Qe2 Nxc3 13. bxc3 Be4 14. Ne1 Bxg2 15.
Kxg2 e5 16. Rb1 Nf6 17. e4 Bd6 18. f4 exf4 19. e5 Rfe8 20. Qf3 Nd5 21. exd6 Qxd6
22. Bxf4 Qa3 23. Bd2 Qxa2 24. Qf2 Nxc3 25. Bxc3 Re2 26. Rb2 Qd5+ 27. Nf3 Rxf2+
28. Kxf2 b6 29. Re1 h6 30. Re5 Qd7 31. Rbe2 a5 32. d5 b5 33. Nd4 b4 34. dxc6 Qh3
35. Re8+ Rxe8 36. Rxe8+ Kh7 37. Be1 Qxh2+ 38. Ke3 Qg1+ 39. Bf2 Qc1+ 40. Ke4 Qc4
41. Ra8 b3 42. Rxa5 b2 43. Rb5 Qxb5 44. Nxb5 b1=Q+ 45. Kd5 Qxb5+ 46. Kd6 Qd3+
47. Kc7 Qf3 48. Bb6 Qxg3+ 49. Kb7 Qf3 50. Kc7 h5 51. Kd7 Qd5+ 52. Kc7 h4 53. Bg1
h3 54. Kb6 Qb3+ 55. Ka7 Qa4+ 56. Kb7 Qb5+ 57. Kc7 g5 58. Kd6 Qd3+ 59. Ke7 Qe4+
60. Kd6 Qe6+ 61. Kc5 g4 62. Bh2 Qe2 63. c7 Qxh2 0-1

[Event "Mondiale Lampo FIDE 2019"]
[Site "Mosca"]
[Date "30.12.2019"]
[Round "19.92"]
[White "Potapov, Pavel"]
[Black "Blohberger, Felix"]
[Result "0-1"]
[WhiteTitle "GM"]
[BlackTitle "IM"]
[WhiteElo "2482"]
[BlackElo "2434"]
[WhiteFideId "4169786"]
[BlackFideId "1632051"]
[EventDate "2019.12.29"]

1. e4 c5 2. c3 Nf6 3. e5 Nd5 4. Bc4 Nb6 5. Bb3 Nc6 6. Nf3 c4 7. Bc2 d6 8. exd6
Qxd6 9. O-O e5 10. b3 Be7 11. Na3 cxb3 12. axb3 O-O 13. Re1 Bg4 14. h3 Bh5 15.
Qe2 f5 16. Nc4 Nxc4 17. Qxc4+ Bf7 18. Qa4 e4 19. Ba3 Qg6 20. Nd4 Bxa3 21. Rxa3
Nxd4 22. Qxd4 Rfd8 23. Qe3 Qd6 24. Ra5 Qxd2 25. Re2 Qxe3 26. fxe3 g6 27. g4 b6
28. Re5 Re8 29. Rxe8+ Rxe8 30. gxf5 gxf5 31. Kf2 Rd8 32. Kg3 Kg7 33. Kf4 Kf6 34.
Rg2 h6 35. Rf2 a5 36. c4 Be6 37. Rg2 Bf7 38. Rf2 Bh5 39. Rg2 Bf7 40. Rf2 Rd6 41.
Rg2 Rd7 42. Rf2 Rd8 43. Rg2 Bh5 44. Rh2 Bd1 45. Rg2 Bxc2 46. Rxc2 Rd1 47. c5
Rf1+ 48. Kg3 Rf3+ 49. Kg2 bxc5 50. Rxc5 Rxe3 51. Rxa5 Rxb3 52. h4 f4 53. Ra6+
Kf5 54. Rxh6 Kg4 55. h5 Rb2+ 56. Kf1 Kf3 0-1

[Event "Mondiale Lampo FIDE 2019"]
[Site "Mosca"]
[Date "30.12.2019"]
[Round "19.93"]
[White "Guseinov, Gadir"]
[Black "Mamatov, Melis"]
[Result "1-0"]
[WhiteTitle "GM"]
[WhiteElo "2666"]
[BlackElo "2292"]
[WhiteFideId "13401378"]
[BlackFideId "13800027"]
[EventDate "2019.12.29"]

1. e4 c5 2. Nf3 d6 3. d4 cxd4 4. Nxd4 Nf6 5. Nc3 e5 6. Nf5 Bxf5 7. exf5 d5 8.
Bg5 Bb4 9. Bxf6 gxf6 10. a3 Bxc3+ 11. bxc3 Qa5 12. Qd2 Nd7 13. Rb1 Nb6 14. Bb5+
Ke7 15. O-O Qxa3 16. Rfe1 Rac8 17. Rb3 Qc5 18. Bf1 Rc7 19. Qh6 Nc4 20. Qg7 Rhc8
21. Qxh7 Nd2 22. Rb5 Qc6 23. Rd1 Nxf1 24. Rbxd5 Qc4 25. Rd6 Qc5 26. Re6+ 1-0

[Event "Mondiale Lampo FIDE 2019"]
[Site "Mosca"]
[Date "30.12.2019"]
[Round "19.94"]
[White "Makarian, Rudik"]
[Black "Guliyev, Namig"]
[Result "1/2-1/2"]
[WhiteTitle "IM"]
[BlackTitle "GM"]
[WhiteElo "2397"]
[BlackElo "2548"]
[WhiteFideId "44105681"]
[BlackFideId "13400363"]
[EventDate "2019.12.29"]

1. d3 d5 2. f4 Nc6 3. Nf3 Nf6 4. g3 Bg4 5. Bg2 Bxf3 6. Bxf3 e5 7. fxe5 Nxe5 8.
O-O Be7 9. Bg2 O-O 10. Nd2 d4 11. Nf3 Nxf3+ 12. Bxf3 c6 13. e4 dxe3 14. Bxe3 Nd5
15. Bf2 Qd7 16. c3 a5 17. d4 a4 18. a3 b5 19. Qd3 Rae8 20. Rae1 Bd6 21. Kg2 g6
22. Be3 Re6 23. Bd2 Rfe8 24. Rxe6 Rxe6 25. Re1 Bc7 26. Rxe6 Qxe6 27. Qe2 Qxe2+
28. Bxe2 Bb6 29. Kf3 f5 30. Bd1 Kg7 31. b3 axb3 32. Bxb3 Ba5 33. Ke2 Nb6 34. Kd3
Kf6 35. h4 Na4 36. Bg5+ Kg7 37. Bxa4 bxa4 38. c4 Kf7 39. d5 cxd5 40. cxd5 Be1
41. Bf4 h6 42. Kc4 g5 43. hxg5 hxg5 44. Bc7 Ke8 45. Kb5 Kd7 46. Be5 Bd2 47. Kxa4
f4 48. gxf4 Bxf4 49. Bd4 Bd6 50. Kb3 Bxa3 51. Kxa3 Kd6 52. Be3 Kxd5 53. Bxg5 1/2-1/2

[Event "Mondiale Lampo FIDE 2019"]
[Site "Mosca"]
[Date "30.12.2019"]
[Round "19.95"]
[White "Krsnik Cohar, Ivan Vihor"]
[Black "Al Ghamdi, Ahmed M"]
[Result "1-0"]
[WhiteTitle "FM"]
[BlackTitle "CM"]
[WhiteElo "2313"]
[BlackElo "2107"]
[WhiteFideId "14520044"]
[BlackFideId "21500150"]
[EventDate "2019.12.29"]

1. c4 Nf6 2. g3 g6 3. Bg2 Bg7 4. e3 O-O 5. Ne2 d6 6. O-O e5 7. d4 Nc6 8. Nbc3
Re8 9. d5 Nb8 10. e4 a5 11. b3 Nbd7 12. Bb2 Nc5 13. Qd2 Bd7 14. Rae1 Qc8 15. Nc1
Bh3 16. Nd3 Bxg2 17. Kxg2 Nxd3 18. Qxd3 Qd7 19. Bc1 Nh5 20. Qf3 Rf8 21. g4 Nf6
22. h3 h5 23. Kg3 hxg4 24. hxg4 Nh7 25. Kg2 f5 26. gxf5 gxf5 27. Qh3 Qf7 28. Rh1
Qg6+ 29. Qg3 Qxg3+ 30. Kxg3 f4+ 31. Kg2 Rf6 32. Reg1 Rg6+ 33. Kf3 Ng5+ 34. Ke2
Kf7 35. Bd2 Bf6 36. f3 Rag8 37. Nb5 Bd8 38. Bxa5 b6 39. Bd2 Ke8 40. Be1 Kd7 41.
Bf2 Kc8 42. a4 Kb7 43. b4 Ka6 44. Nc3 Kb7 45. b5 Be7 46. Rg4 Nxe4 47. Nxe4 Rxg4
48. fxg4 Rxg4 49. Rh7 Bd8 50. Nxd6+ Ka7 51. Nf7 Bf6 52. Kf3 Rg6 53. Rh5 Rg7 54.
Nxe5 Kb7 55. Ng4 Be7 56. Bd4 Rf7 57. Re5 Bd6 58. Re6 Rf8 59. Be5 Bxe5 60. Nxe5
Ra8 61. Kxf4 Rxa4 62. Ke4 Ra8 63. Kd4 Rh8 64. Re7 Kc8 65. Nc6 Kb7 66. d6 Ka8 67.
dxc7 Kb7 68. Rd7 Rh4+ 69. Kc3 Rh1 70. Nd4 Kc8 71. Rg7 Kb7 72. Ne6 Re1 73. Rg8
Ka7 74. Ra8+ Kb7 75. c8=Q# 1-0